[Event "Championnat de France - Open A"]
[Site "NANCY"]
[Date "2013.08.21"]
[Round "9.2"]
[White "Najart, David"]
[Black "Bianchi, Guillaume"]
[Result "1/2-1/2"]
[WhiteElo "2156"]
[BlackElo "2175"]
[PlyCount "46"]
[EventDate "2013.??.??"]

1. d4 Nf6 2. c4 g6 3. Nc3 Bg7 4. e4 d6 5. h3 O-O 6. Be3 c5 7. d5 e6 8. Bd3 Na6
9. Nf3 exd5 10. exd5 Nc7 11. a4 Nd7 12. O-O Ne5 13. Nxe5 Bxe5 14. Qd2 f5 15.
Ne2 Bd7 16. Rfe1 Qe8 17. g3 b6 18. Bh6 Rf7 19. Nc3 Qd8 20. Bg5 Qe8 21. Bh6 Qd8
22. Bg5 Qe8 23. Bh6 Qd8 1/2-1/2

[Event "Championnat de France - Open A"]
[Site "NANCY"]
[Date "2013.08.21"]
[Round "9.3"]
[White "Mirimanian, Haik"]
[Black "Graeber, Fabien"]
[Result "1/2-1/2"]
[WhiteElo "2111"]
[BlackElo "2070"]
[PlyCount "43"]
[EventDate "2013.??.??"]

1. e4 c6 2. d4 d5 3. f3 e6 4. Nc3 Nf6 5. Be3 Bb4 6. Bd3 b6 7. Nge2 Ba6 8. a3
Be7 9. O-O Bxd3 10. Qxd3 Qc8 11. Rae1 Qa6 12. Qd2 h6 13. Nf4 Nbd7 14. Bf2 Qb7
15. Qd3 g5 16. Nfe2 O-O 17. b4 dxe4 18. fxe4 Ne5 19. Qg3 Nc4 20. Qd3 Ne5 21.
Qg3 Nc4 22. Qd3 1/2-1/2

[Event "Championnat de France - Open A"]
[Site "NANCY"]
[Date "2013.08.21"]
[Round "9.4"]
[White "Messinger, Karl"]
[Black "Daurelle, Herve"]
[Result "1/2-1/2"]
[WhiteElo "2139"]
[BlackElo "2196"]
[PlyCount "38"]
[EventDate "2013.??.??"]

1. e4 c5 2. Nf3 e6 3. d4 cxd4 4. Nxd4 Nf6 5. Nc3 Nc6 6. a3 Be7 7. Be3 O-O 8.
Be2 d5 9. exd5 Nxd5 10. Nxd5 Qxd5 11. Bf3 Qc4 12. Be2 Qd5 13. Bf3 Qc4 14. Be2
Qd5 15. Bf3 Qc4 16. Be2 Qd5 17. Bf3 Qc4 18. Be2 Qd5 19. Bf3 Qc4 1/2-1/2

[Event "Championnat de France - Open A"]
[Site "NANCY"]
[Date "2013.08.21"]
[Round "9.5"]
[White "Naudier, Serge"]
[Black "Meunier, Clement"]
[Result "1/2-1/2"]
[WhiteElo "2194"]
[BlackElo "2025"]
[PlyCount "86"]
[EventDate "2013.??.??"]

1. d4 Nf6 2. c4 g6 3. Nc3 Bg7 4. e4 d6 5. Nf3 O-O 6. Be2 e5 7. d5 c5 8. dxc6
Nxc6 9. h3 Be6 10. O-O Nd4 11. b3 Qd7 12. Bb2 Nh5 13. Nxd4 exd4 14. Nd5 Bxd5
15. Bxh5 Bxe4 16. Bxd4 Qc6 17. Bxg7 Kxg7 18. Qd4+ f6 19. f3 Rae8 20. Bg4 h5 21.
Bd7 Qxd7 22. fxe4 Qc6 23. Qxa7 Rxe4 24. Rae1 Rfe8 25. Rxe4 Rxe4 26. Qf2 Qc5 27.
Qxc5 dxc5 28. Rd1 Re7 29. Rd6 g5 30. Rb6 Kg6 31. Kf2 Kf5 32. Rb5 Rc7 33. b4 Ke4
34. Rxc5 Rxc5 35. bxc5 Kd4 36. Kf3 f5 37. h4 gxh4 38. Kf4 Kxc5 39. Kxf5 Kxc4
40. Kg5 h3 41. gxh3 Kb4 42. Kxh5 Ka3 43. Kg4 Kxa2 1/2-1/2

[Event "Championnat de France - Open A"]
[Site "NANCY"]
[Date "2013.08.21"]
[Round "9.6"]
[White "Rubino, William"]
[Black "Veron, Cyprien"]
[Result "1-0"]
[WhiteElo "2123"]
[BlackElo "2078"]
[PlyCount "59"]
[EventDate "2013.??.??"]

1. e4 e5 2. Nf3 Nc6 3. Bb5 a6 4. Ba4 Nf6 5. d3 d6 6. O-O Be7 7. c3 O-O 8. Re1
Re8 9. Nbd2 Bf8 10. Nf1 h6 11. Ng3 g6 12. h3 Bg7 13. Be3 b5 14. Bb3 Na5 15. Bc2
c5 16. b4 cxb4 17. cxb4 Nc6 18. Qd2 Kh7 19. d4 exd4 20. Nxd4 Nxd4 21. Bxd4 Bb7
22. Rad1 Bf8 23. Qf4 Bg7 24. e5 dxe5 25. Bxe5 Qe7 26. Bc3 Nd5 27. Rxe7 Nxf4 28.
Rxf7 Nd5 29. Rxg7+ Kh8 30. Rxd5 1-0

[Event "Championnat de France - Open A"]
[Site "NANCY"]
[Date "2013.08.21"]
[Round "9.8"]
[White "Helfer, Remi"]
[Black "Amoyal, Pierre"]
[Result "0-1"]
[WhiteElo "2064"]
[BlackElo "2143"]
[PlyCount "58"]
[EventDate "2013.??.??"]

1. e4 c5 2. Nc3 Nc6 3. g3 g6 4. Bg2 Bg7 5. d3 Nf6 6. f4 d6 7. Nf3 O-O 8. O-O
Rb8 9. h3 b5 10. g4 b4 11. Ne2 Nd7 12. Qe1 e6 13. f5 Nde5 14. Nh4 Bf6 15. g5
Bxg5 16. Bxg5 Qxg5 17. Kh2 Bd7 18. Qf2 Qd2 19. Rad1 Qxc2 20. Qe3 Kg7 21. Rd2
Qa4 22. Nf4 b3 23. Nh5+ gxh5 24. Qg5+ Ng6 25. fxg6 fxg6 26. Bf3 Qd4 27. Kh1 Qe5
28. Qg1 Qf4 29. Bxh5 Qxf1 0-1

[Event "Championnat de France - Open A"]
[Site "NANCY"]
[Date "2013.08.21"]
[Round "9.9"]
[White "Larand, Manuel"]
[Black "Smith, Matthieu"]
[Result "1-0"]
[WhiteElo "2004"]
[BlackElo "2111"]
[Annotator "Rivier,Sylvain"]
[PlyCount "60"]
[EventDate "2013.??.??"]

1. c4 e5 2. g3 Nc6 3. Bg2 f5 4. Nc3 Nf6 5. e3 d5 6. Nxd5 Nxd5 7. cxd5 Nb4 8.
Qa4+ Qd7 9. Qb3 e4 10. f3 Nd3+ 11. Kf1 b6 12. fxe4 fxe4 13. Bxe4 Nc5 14. Qc2
Ba6+ 15. Kg2 Qb5 16. Nh3 O-O-O 17. Bf3 Bb7 18. d4 Nd7 19. a4 Qb4 20. Bd2 Qe7
21. e4 Nf6 22. Bf4 h6 23. Rhe1 Rd7 24. Be5 Kb8 25. Nf4 Qf7 26. a5 bxa5 27. Ne6
Nxd5 28. exd5 Bd6 29. Rxa5 Re8 30. Rb1 Ka8 {suite illisible} 1-0

[Event "Championnat de France - Open A"]
[Site "NANCY"]
[Date "2013.08.21"]
[Round "9.10"]
[White "Kassis, Antoine"]
[Black "Burri, Quentin"]
[Result "1-0"]
[WhiteElo "2108"]
[BlackElo "1997"]
[PlyCount "53"]
[EventDate "2013.??.??"]

1. d4 d5 2. c4 c6 3. Nc3 dxc4 4. e4 b5 5. a4 b4 6. Na2 e6 7. Bxc4 Nf6 8. e5 Nd5
9. Nf3 Be7 10. O-O O-O 11. Qe2 Nd7 12. Bd2 a5 13. Nc1 Bb7 14. Nb3 c5 15. Bb5
N5b6 16. Rfd1 Bd5 17. Nxc5 Nxc5 18. dxc5 Bxc5 19. Be3 Bxe3 20. Qxe3 Rc8 21. Ba6
Ra8 22. Bd3 Qb8 23. Ng5 h6 24. Nh7 Rc8 25. Nf6+ gxf6 26. exf6 Kf8 27. Bb5 1-0

[Event "Championnat de France - Open A"]
[Site "NANCY"]
[Date "2013.08.22"]
[Round "10.1"]
[White "Mirimanian, Haik"]
[Black "Samoun, Florent"]
[Result "1-0"]
[WhiteElo "2111"]
[BlackElo "2116"]
[PlyCount "81"]
[EventDate "2013.??.??"]

1. e4 Nf6 2. e5 Nd5 3. c4 Nb6 4. d4 d6 5. exd6 cxd6 6. Nc3 g6 7. a4 a5 8. c5
dxc5 9. Bb5+ N6d7 10. Bf4 Bg7 11. Nd5 e5 12. dxe5 O-O 13. Nf3 Nc6 14. Bg5 f6
15. exf6 Nxf6 16. Bc4 Re8+ 17. Ne3+ Be6 18. Bxe6+ Rxe6 19. Qb3 Qe8 20. O-O Nd4
21. Nxd4 cxd4 22. Bxf6 dxe3 23. fxe3 Qc6 24. Rac1 Qb6 25. Qxb6 Rxb6 26. Bxg7
Kxg7 27. Rc7+ Kh6 28. Rff7 Rxb2 29. Rxh7+ Kg5 30. Rxb7 Rb4 31. Rb5+ Rxb5 32.
axb5 Rb8 33. Ra7 Rxb5 34. Kf2 Kg4 35. h3+ Kg5 36. g4 Re5 37. Kf3 Rb5 38. Ra6
Re5 39. h4+ Kxh4 40. Rxg6 a4 41. Kf4 1-0

[Event "Championnat de France - Open A"]
[Site "NANCY"]
[Date "2013.08.22"]
[Round "10.2"]
[White "Bianchi, Guillaume"]
[Black "Peyre, Thomas"]
[Result "1-0"]
[WhiteElo "2175"]
[BlackElo "2098"]
[Annotator "Rivier,Sylvain"]
[PlyCount "128"]
[EventDate "2013.??.??"]

1. Nf3 Nf6 2. c4 e6 3. g3 b6 4. Bg2 Bb7 5. O-O Be7 6. Nc3 O-O 7. Re1 d5 8. cxd5
exd5 9. d4 Na6 10. Bf4 c5 11. Rc1 Ne4 12. Nd2 cxd4 13. Ncxe4 dxe4 14. Nxe4 Nc5
15. Nxc5 Bxg2 16. Kxg2 bxc5 17. b3 g5 18. Bd2 Qd5+ 19. Kg1 a5 20. Qc2 Rfb8 21.
Rb1 a4 22. Qc4 Qxc4 23. bxc4 a3 24. Rb5 Rxb5 25. cxb5 c4 26. Rb1 Rb8 27. Kf1
Kg7 28. Ke1 Kg6 29. Kd1 Kf5 30. Ba5 Rb7 31. Kc2 Ke6 32. e3 Bf6 33. exd4 Bxd4
34. Bc3 Bxf2 35. Rf1 Bc5 36. Rf6+ Ke7 37. Rf5 Rxb5 38. Rxg5 Ke6 39. Re5+ Kd6
40. Rh5 Rb7 41. Rxh7 Re7 42. Rh6+ Kd5 43. Rh5+ Kc6 44. Re5 Rd7 45. Re4 Kb5 46.
Re1 Rd3 47. Re2 Bd4 48. Bxd4 Rxd4 49. Re7 Rd8 50. Rxf7 Re8 51. Rf2 Re1 52. Kc3
Rc1+ 53. Rc2 Rd1 54. Re2 Rc1+ 55. Kd2 Rb1 56. h4 Rb2+ 57. Ke3 Kb4 58. h5 Rb1
59. g4 Rh1 60. Rf2 Kc3 61. Ke4 Re1+ 62. Kf5 Rd1 63. Kg5 Kd3 64. Rf3+ Ke4 {
suite illisible} 1-0

[Event "Championnat de France - Open A"]
[Site "NANCY"]
[Date "2013.08.22"]
[Round "10.3"]
[White "Daurelle, Herve"]
[Black "Rubino, William"]
[Result "1-0"]
[WhiteElo "2196"]
[BlackElo "2123"]
[Annotator "Rivier,Sylvain"]
[PlyCount "153"]
[EventDate "2013.??.??"]

1. e4 c5 2. Nf3 d6 3. d4 cxd4 4. Nxd4 Nf6 5. Nc3 a6 6. Bg5 Nbd7 7. f4 Qc7 8.
Qf3 b5 9. O-O-O Bb7 10. Bd3 g6 11. Nd5 Nxd5 12. exd5 Bg7 13. Rhe1 Bf6 14. Be4
Bxg5 15. fxg5 Ne5 16. Qg3 Rc8 17. Kb1 Qc5 18. Nb3 Qc7 19. Nd4 Qc5 20. Nb3 Qc7
21. Qh4 a5 22. Qh6 a4 23. Nd4 Qc5 24. Qg7 Rf8 25. Bd3 Nxd3 26. Rxd3 Bxd5 27.
Rde3 Rc7 28. Rc3 Qb6 29. Nxb5 Rxc3 30. Nxc3 Bc6 31. Qf6 Qc7 32. Qd4 a3 33. bxa3
Kd7 34. Ka1 e6 35. g3 Ra8 36. Rf1 Rf8 37. Qg7 Ke8 38. Rb1 Qa7 39. Nb5 Bxb5 40.
Rxb5 e5 41. Kb2 Qa8 42. Qf6 Kd7 43. Qf1 f5 44. gxf6 Ke6 45. Qh3+ Kxf6 46. Qxh7
Rf7 47. Qh4+ Kg7 48. Qb4 Qd8 49. Rd5 Rd7 50. a4 Qe7 51. Qe4 Ra7 52. Rb5 Rd7 53.
a3 d5 54. Rxd5 Rxd5 55. Qxd5 e4 56. Qd4+ Kh7 57. Qe3 Qf6+ 58. Kc1 Qf1+ 59. Kd2
Qc4 60. a5 Qd5+ 61. Kc3 Qxa5+ 62. Kd4 Qa7+ 63. Kxe4 Qa4+ 64. Kd3 Qxa3+ 65. c3
Qb3 66. h4 Qd1+ 67. Ke4 Qa4+ 68. Qd4 Qe8+ 69. Qe5 Qc6+ 70. Ke3 Qb6+ 71. Qd4 Qb3
72. g4 Qb1 73. g5 Qe1+ 74. Kd3 Qb1+ 75. Kc4 Qa2+ 76. Kc5 Qa7+ 77. Kd6 {suite
illisible} 1-0

[Event "Championnat de France - Open A"]
[Site "NANCY"]
[Date "2013.08.22"]
[Round "10.4"]
[White "Graeber, Fabien"]
[Black "Najart, David"]
[Result "1/2-1/2"]
[WhiteElo "2070"]
[BlackElo "2156"]
[PlyCount "130"]
[EventDate "2013.??.??"]

1. Nf3 Nf6 2. c4 g6 3. Nc3 Bg7 4. e4 d6 5. d4 O-O 6. Be2 e5 7. O-O Nc6 8. d5
Ne7 9. Ne1 Ne8 10. Nd3 f5 11. Bd2 Nf6 12. f3 f4 13. g4 fxg3 14. hxg3 c5 15. Kg2
Rf7 16. b4 b6 17. a4 h5 18. Ra2 a5 19. bxc5 bxc5 20. Nb5 Kh7 21. Qe1 Ne8 22.
Nc1 Bh6 23. Bc3 Ng8 24. Nb3 Be3 25. Nxa5 Qg5 26. Nb3 Ngf6 27. Bd1 Kg8 28. Rh1
Rh7 29. Rh4 Qh6 30. Bd2 Bxd2 31. Qxd2 g5 32. Rh1 Qg6 33. Nc3 g4 34. fxg4 hxg4
35. Rxh7 Nxh7 36. Qe3 Ng5 37. Nd2 Ra7 38. Kf1 Qf6+ 39. Ke2 Rh7 40. Kd3 Nc7 41.
Nb3 Na6 42. Rf2 Nb4+ 43. Kd2 Qg6 44. Nxc5 Rc7 45. Nd3 Rxc4 46. Nxb4 Rxb4 47.
Bc2 Nf3+ 48. Kc1 Rc4 49. Kb2 Nd4 50. Bd1 Qg7 51. Ka2 Rc5 52. Rb2 Kh7 53. Nb5
Nxb5 54. Rxb5 Rxb5 55. axb5 Qc7 56. Kb3 Kg6 57. Qc3 Qb8 58. Be2 Bd7 59. Qb4 Qb6
60. Bc4 Kf6 61. Ka4 Ke7 62. Qd2 Kd8 63. Qa5 Kc7 64. Qxb6+ Kxb6 65. Kb4 Bc8
1/2-1/2

[Event "Championnat de France - Open A"]
[Site "NANCY"]
[Date "2013.08.22"]
[Round "10.5"]
[White "Amoyal, Pierre"]
[Black "Messinger, Karl"]
[Result "1/2-1/2"]
[WhiteElo "2143"]
[BlackElo "2139"]
[PlyCount "232"]
[EventDate "2013.??.??"]

1. d4 Nf6 2. c4 e6 3. Nc3 Bb4 4. Qc2 Nc6 5. Nf3 d6 6. Bd2 O-O 7. a3 Bxc3 8.
Bxc3 a5 9. b3 Qe7 10. e3 e5 11. d5 Nb8 12. Nd2 Nbd7 13. Be2 b5 14. cxb5 Nxd5
15. Bb2 Nc5 16. Rc1 Be6 17. Bxe5 a4 18. bxa4 Rxa4 19. Bb2 Qg5 20. Nf3 Qh6 21.
O-O Rg4 22. g3 Qh3 23. Rfd1 Rg6 24. Rd4 Rh6 25. e4 Nf6 26. Bf1 Qh5 27. Bg2 Nb3
28. Qc3 Nxc1 29. Bxc1 Rg6 30. Nh4 Rg4 31. f3 Rxh4 32. gxh4 Qxb5 33. Rb4 Qd7 34.
Rb7 Rc8 35. Bf1 Qd8 36. a4 c5 37. a5 Ra8 38. Bd2 Bc8 39. Rb6 h6 40. Bc4 Ne8 41.
Bd5 Ra7 42. Rb8 Nf6 43. Bc4 Nd7 44. Rb1 Ba6 45. Bxa6 Rxa6 46. Qd3 Qa8 47. Rb5
Ne5 48. Qb3 Kh7 49. Kg2 c4 50. Qc3 Qc6 51. Rd5 f5 52. Bf4 fxe4 53. fxe4 Nf7 54.
Be3 Ne5 55. Bd4 Nd3 56. Be3 Qc8 57. h3 Rc6 58. h5 Qe8 59. Kf3 Qc8 60. Kg3 Qe8
61. Qd4 Qe6 62. Rb5 Nc5 63. e5 dxe5 64. Qd8 Ne4+ 65. Kg2 Rd6 66. Qa8 Nf6 67.
Rb8 Nxh5 68. Rh8+ Kg6 69. Qe4+ Kf7 70. Qb7+ Rd7 71. Qb8 Qg6+ 72. Kf1 Qf6+ 73.
Ke1 Qh4+ 74. Ke2 Ng3+ 75. Kf3 Qe4+ 76. Kf2 Nh1+ 77. Ke2 Qg2+ 78. Ke1 Qg3+ 79.
Ke2 Qg2+ 80. Ke1 Qg3+ 81. Ke2 Qh2+ 82. Ke1 Kg6 83. Qb6+ Kf7 84. Qb8 Kg6 85.
Qb6+ Kf5 86. Qc6 Qg3+ 87. Ke2 Qh2+ 88. Ke1 Qg3+ 89. Ke2 Rf7 90. Qxh1 e4 91. Re8
Qh4 92. Qf1+ Kg6 93. Re6+ Rf6 94. Qg2+ Kf7 95. Rxe4 Qh5+ 96. Qg4 Qxa5 97. Qc8
Qa2+ 98. Bd2 Kg6 99. Qg4+ Kh7 100. Rxc4 Qa6 101. Bc3 Qe6+ 102. Qxe6 Rxe6+ 103.
Kf3 Re7 104. h4 Rf7+ 105. Kg4 Kg6 106. Rc6+ Kh7 107. h5 Rf1 108. Be5 Rg1+ 109.
Bg3 Rb1 110. Rc7 Rb4+ 111. Kf5 Rb1 112. Rc4 Rb7 113. Be5 Rb1 114. Rc3 Rf1+ 115.
Ke6 Kg8 116. Rg3 Rf7 1/2-1/2

[Event "Championnat de France - Open A"]
[Site "NANCY"]
[Date "2013.08.22"]
[Round "10.6"]
[White "Larand, Manuel"]
[Black "Naudier, Serge"]
[Result "1/2-1/2"]
[WhiteElo "2004"]
[BlackElo "2194"]
[PlyCount "63"]
[EventDate "2013.??.??"]

1. c4 e5 2. g3 Nf6 3. Bg2 Nc6 4. Nc3 Bb4 5. Nd5 Bc5 6. e3 O-O 7. Ne2 Nxd5 8.
cxd5 Ne7 9. O-O c6 10. d4 exd4 11. exd4 Bb6 12. Nc3 cxd5 13. Nxd5 Nxd5 14. Bxd5
Qf6 15. Be3 d6 16. Bg2 Rb8 17. a4 Qg6 18. a5 Bd8 19. d5 a6 20. Ba7 Ra8 21. Bd4
Bf5 22. Re1 Bf6 23. Rc1 Rac8 24. Qd2 Rxc1 25. Rxc1 Rc8 26. Rxc8+ Bxc8 27. Qc1
Qg4 28. Bf3 Qf5 29. Be4 Qg4 30. Bf3 Qf5 31. Be4 Qg4 32. Bf3 1/2-1/2

[Event "Championnat de France - Open A"]
[Site "NANCY"]
[Date "2013.08.22"]
[Round "10.7"]
[White "Meunier, Clement"]
[Black "Kassis, Antoine"]
[Result "1/2-1/2"]
[WhiteElo "2025"]
[BlackElo "2108"]
[PlyCount "81"]
[EventDate "2013.??.??"]

1. d4 Nf6 2. c4 Nc6 3. Nf3 e6 4. a3 d6 5. Nc3 g6 6. e4 Bg7 7. Be2 O-O 8. O-O
Re8 9. Be3 e5 10. dxe5 dxe5 11. Qxd8 Rxd8 12. Bg5 Rf8 13. h3 Nd4 14. Nxd4 exd4
15. Bxf6 Bxf6 16. Nd5 Bd8 17. Rad1 c6 18. Nb4 a5 19. Nd3 Re8 20. e5 Bf5 21.
Rfe1 Bc7 22. f4 f6 23. exf6 Bxd3 24. Bxd3 Kf7 25. g3 Kxf6 26. Kf2 Bb6 27. Kf3
Rad8 28. h4 Bc5 29. g4 Re3+ 30. Rxe3 dxe3 31. g5+ Kg7 32. Be2 Rd2 33. b4 axb4
34. axb4 Rxd1 35. Bxd1 Bxb4 36. Kxe3 Bc5+ 37. Ke4 b5 38. cxb5 cxb5 39. h5 h6
40. gxh6+ Kxh6 41. hxg6 1/2-1/2

[Event "Championnat de France - Open A"]
[Site "NANCY"]
[Date "2013.08.22"]
[Round "10.8"]
[White "Dudognon, Thibault"]
[Black "Moucheroud, Jeremy"]
[Result "0-1"]
[WhiteElo "2001"]
[BlackElo "2185"]
[PlyCount "120"]
[EventDate "2013.??.??"]

1. e4 c5 2. Nf3 d6 3. d4 cxd4 4. Nxd4 Nf6 5. Nc3 a6 6. g3 e5 7. Nde2 Nbd7 8.
Bg2 b5 9. h3 Bb7 10. a3 Nc5 11. Bg5 Be7 12. Bxf6 Bxf6 13. O-O O-O 14. h4 Rc8
15. Qd2 Qb6 16. Rfd1 Be7 17. Nc1 Kh8 18. Nd3 Nxd3 19. Qxd3 Rc4 20. Rac1 Qc5 21.
Qe2 Bd8 22. Nd5 Rd4 23. c3 Rxd1+ 24. Rxd1 g6 25. Qe3 Qc8 26. Qh6 Kg8 27. Ne3
Qe6 28. Bf3 Bf6 29. Bg4 Qb3 30. Nf5 Bxe4 31. Nxd6 Bc2 32. Rd2 Qxb2 33. Qe3 Qc1+
34. Kh2 Bb3 35. h5 Qxa3 36. Ne4 Bg7 37. h6 Bh8 38. Rd7 f5 39. Qa7 Rf7 40. Nd6
Qxd6 41. Bd1 Rxd7 42. Bxb3+ Kf8 43. Qa8+ Rd8 44. Qb7 Qf6 45. Qxh7 f4 46. Qg8+
Ke7 47. h7 fxg3+ 48. Kxg3 Rd3+ 49. Kg2 Qf3+ 50. Kf1 Qf6 51. Qc8 Rd8 52. Qc7+
Kf8 53. Ke2 Qe7 54. Qb6 Qd6 55. Qb7 Qd3+ 56. Ke1 Qb1+ 57. Ke2 Qxb3 58. Qf3+ Qf7
59. Qh3 Qa2+ 60. Ke3 Qd2+ 0-1

[Event "Championnat de France - Open A"]
[Site "NANCY"]
[Date "2013.08.22"]
[Round "10.9"]
[White "Callet, Emmanuel"]
[Black "Dubois, Pierre"]
[Result "1/2-1/2"]
[WhiteElo "2183"]
[BlackElo "2082"]
[PlyCount "80"]
[EventDate "2013.??.??"]

1. Nf3 Nf6 2. d4 g6 3. c4 Bg7 4. Nc3 c5 5. d5 e6 6. e4 exd5 7. e5 O-O 8. Be2 d6
9. O-O Bg4 10. h3 Bxf3 11. Bxf3 Nbd7 12. Qc2 Re8 13. Bf4 Nxe5 14. Be2 Nfd7 15.
Rae1 f5 16. Bd2 a6 17. f4 Ng4 18. Bxg4 fxg4 19. Rxe8+ Qxe8 20. hxg4 Bd4+ 21.
Kh2 Nf6 22. g5 Ng4+ 23. Kg3 Ne3 24. Bxe3 Qxe3+ 25. Rf3 Qe1+ 26. Kg4 Re8 27. Qd3
Bf2 28. Ne4 Qxe4 29. Qxe4 Rxe4 30. Rxf2 Rxc4 31. Rd2 Kf7 32. Kf3 b5 33. g4 Rc1
34. f5 gxf5 35. gxf5 Rf1+ 36. Kg4 Rg1+ 37. Kf4 Rf1+ 38. Kg4 Rg1+ 39. Kf4 Rf1+
40. Kg4 Rg1+ 1/2-1/2

[Event "Championnat de France - Open A"]
[Site "NANCY"]
[Date "2013.08.22"]
[Round "10.10"]
[White "Malassagne, Raphael"]
[Black "Duchateau, Thomas"]
[Result "0-1"]
[WhiteElo "2158"]
[BlackElo "2075"]
[PlyCount "108"]
[EventDate "2013.??.??"]

1. c4 Nf6 2. g3 e5 3. Bg2 d5 4. cxd5 Nxd5 5. Nf3 Nc6 6. O-O Be7 7. d4 exd4 8.
Nxd4 O-O 9. Nxc6 bxc6 10. e4 Nb4 11. Qa4 Qd3 12. Rd1 Qc2 13. Nc3 Bg4 14. f3
Rfd8 15. Bg5 Qxa4 16. Nxa4 Bxg5 17. fxg4 Nc2 18. Rab1 Ne3 19. Rxd8+ Rxd8 20. h4
Rd2 21. hxg5 Rxg2+ 22. Kh1 Kf8 23. Re1 Rxg3 24. Kh2 Rf3 25. Rc1 Rf2+ 26. Kg3
Rc2 27. Rh1 Kg8 28. Re1 Nc4 29. Rd1 Rd2 30. Rc1 Nxb2 31. Nxb2 Rxb2 32. Rxc6
Rxa2 33. Rxc7 g6 34. e5 a5 35. Ra7 a4 36. Ra8+ Kg7 37. Ra7 Kf8 38. Kf4 a3 39.
e6 Ra1 40. e7+ Ke8 41. Kg3 a2 42. Kg2 Rd1 43. Rxa2 Rd5 44. Kf3 Rxg5 45. Re2 h5
46. gxh5 Rxh5 47. Kf4 Ra5 48. Re1 Ra7 49. Kg5 Rxe7 50. Ra1 Re5+ 51. Kf6 Rf5+
52. Kg7 Ke7 53. Ra6 g5 54. Kh6 Rf6+ 0-1

[Event "Championnat de France - Open A"]
[Site "NANCY"]
[Date "2013.08.23"]
[Round "11.1"]
[White "Messinger, Karl"]
[Black "Bianchi, Guillaume"]
[Result "1-0"]
[WhiteElo "2139"]
[BlackElo "2175"]
[PlyCount "73"]
[EventDate "2013.??.??"]

1. e4 c5 2. Nf3 d6 3. c3 Nf6 4. h3 Bd7 5. Bd3 Bc6 6. Qe2 Nbd7 7. O-O Rc8 8. Bc2
c4 9. Nd4 g6 10. Nxc6 Rxc6 11. b3 Nb6 12. bxc4 Rxc4 13. a4 Rc8 14. a5 Nc4 15.
a6 b6 16. Ba4+ Nd7 17. d3 Na5 18. e5 e6 19. exd6 Bg7 20. Na3 O-O 21. d4 Rxc3
22. Nb5 Rc8 23. Nxa7 Ra8 24. Nc6 Nxc6 25. Bxc6 Ra7 26. Rd1 Nf6 27. Ba3 Nd7 28.
Qb5 f5 29. Rac1 Rf7 30. Bb7 Bf8 31. Rc8 Qf6 32. Rc7 Qd8 33. Rdc1 h5 34. Rc8 Qf6
35. R1c7 Qxd4 36. Rxd7 Qa1+ 37. Bc1 1-0

[Event "Championnat de France - Open A"]
[Site "NANCY"]
[Date "2013.08.23"]
[Round "11.2"]
[White "Najart, David"]
[Black "Mirimanian, Haik"]
[Result "1-0"]
[WhiteElo "2156"]
[BlackElo "2111"]
[PlyCount "93"]
[EventDate "2013.??.??"]

1. d4 d6 2. e4 g6 3. c4 e5 4. Ne2 Bg7 5. Nbc3 exd4 6. Nxd4 Nc6 7. Be3 Nge7 8.
Be2 O-O 9. O-O f5 10. exf5 Bxd4 11. Bxd4 Nxf5 12. Be3 Nxe3 13. fxe3 Rxf1+ 14.
Qxf1 Be6 15. Qf4 Qe7 16. Rf1 Kg7 17. b3 Re8 18. Bf3 Rf8 19. Qe4 Qd7 20. Qh4 Nd8
21. Qd4+ Kg8 22. Nd5 Qg7 23. Qxg7+ Kxg7 24. Nxc7 Bd7 25. Rd1 Rf6 26. Nd5 Rf5
27. Nc3 Bc6 28. Bxc6 Nxc6 29. Rxd6 Rf7 30. h3 Nb4 31. Rd2 h5 32. Nb5 b6 33. Nd6
Rf8 34. a3 Nc6 35. Nb5 Rf7 36. Nd4 Ne5 37. Rf2 Re7 38. Rd2 Rf7 39. Ne6+ Kf6 40.
Nd8 Rc7 41. Rd6+ Kf5 42. Ne6 Rf7 43. Nd4+ Ke4 44. Re6 Kxe3 45. Nc6 Kd2 46. Nxe5
Rf5 47. Nf3+ 1-0

[Event "Championnat de France - Open A"]
[Site "NANCY"]
[Date "2013.08.23"]
[Round "11.3"]
[White "Samoun, Florent"]
[Black "Daurelle, Herve"]
[Result "1/2-1/2"]
[WhiteElo "2116"]
[BlackElo "2196"]
[PlyCount "128"]
[EventDate "2013.??.??"]

1. Nf3 Nf6 2. g3 d5 3. d4 c5 4. c3 e6 5. Bg2 Nc6 6. O-O cxd4 7. cxd4 Bd6 8. Nc3
O-O 9. Bf4 Bxf4 10. gxf4 b6 11. Ne5 Bb7 12. Rc1 Rc8 13. Qa4 a6 14. e3 b5 15.
Qd1 Qe7 16. Qd2 Rc7 17. f3 Rfc8 18. Ne2 Nd7 19. Nd3 Nb6 20. b3 g6 21. Rc2 Nd7
22. Rfc1 Qd6 23. Bh3 Ne7 24. Kf2 Rxc2 25. Rxc2 Rxc2 26. Qxc2 Qc6 27. Qxc6 Bxc6
28. Ne5 b4 29. Nc1 Nxe5 30. fxe5 Bb5 31. Bf1 Bxf1 32. Kxf1 Nc6 33. Nd3 a5 34.
Nc5 Kf8 35. Ke2 Ke7 36. Kd3 f6 37. exf6+ Kxf6 38. e4 g5 39. Na4 h5 40. Nb6
dxe4+ 41. Kxe4 g4 42. fxg4 hxg4 43. Nc4 Kg5 44. d5 exd5+ 45. Kxd5 Ne7+ 46. Kc5
Nf5 47. Nxa5 Ne3 48. Kxb4 Nf1 49. Nc4 Nxh2 50. Ne3 Kf4 51. Nxg4 Nxg4 52. Kc5
Ke5 53. b4 Ke6 54. Kc6 Ne5+ 55. Kc7 Kd5 56. b5 Nc4 57. b6 Na5 58. Kb8 Kc5 59.
Ka7 Kb5 60. a3 Nc6+ 61. Kb7 Na5+ 62. Kc7 Ka4 63. b7 Nxb7 64. Kxb7 Kxa3 1/2-1/2

[Event "Championnat de France - Open A"]
[Site "NANCY"]
[Date "2013.08.23"]
[Round "11.4"]
[White "Peyre, Thomas"]
[Black "Graeber, Fabien"]
[Result "1-0"]
[WhiteElo "2098"]
[BlackElo "2070"]
[Annotator "Rivier,Sylvain"]
[PlyCount "110"]
[EventDate "2013.??.??"]

1. e4 c6 2. d3 d5 3. Nd2 e5 4. Ngf3 Bd6 5. g3 Nf6 6. Bg2 O-O 7. O-O Nbd7 8. Re1
Re8 9. h3 Qc7 10. Nf1 d4 11. g4 g6 12. Ng3 Nf8 13. Nh2 N6d7 14. Kh1 Ne6 15. Rg1
Nf4 16. Bf1 Nc5 17. Bxf4 exf4 18. Nf5 Be5 19. Nh6+ Kg7 20. g5 Be6 21. N2g4 Nd7
22. Qf3 f5 23. Nxe5 Qxe5 24. h4 Nc5 25. Bg2 fxe4 26. dxe4 Rad8 27. Rad1 Na6 28.
a3 c5 29. Rge1 Nb8 30. Bh3 Bxh3 31. Qxh3 Nc6 32. f3 c4 33. Ng4 Qe6 34. Qh2 Ne5
35. Qxf4 Nxg4 36. Qxg4 Qxg4 37. fxg4 Kf7 38. Rf1+ Ke6 39. Kg2 Ke5 40. Rf7 d3
41. cxd3 cxd3 42. Kf3 Kd4 43. e5 Rf8 44. Rf6 Rfe8 45. Rf4+ Kc5 46. Re4 Re6 47.
Ke3 Rd5 48. Rxd3 Rdxe5 49. Rxe5+ Rxe5+ 50. Kf4 Re7 51. h5 Kc4 52. Rd6 Kc5 53.
Rf6 Rd7 54. b3 Re7 55. Rf8 Kd5 {suite illisible} 1-0

[Event "Championnat de France - Open A"]
[Site "NANCY"]
[Date "2013.08.23"]
[Round "11.5"]
[White "Rubino, William"]
[Black "Naudier, Serge"]
[Result "1/2-1/2"]
[WhiteElo "2123"]
[BlackElo "2194"]
[PlyCount "76"]
[EventDate "2013.??.??"]

1. e4 c5 2. Nf3 d6 3. d4 Nf6 4. Nc3 cxd4 5. Nxd4 Nc6 6. f3 g6 7. Be3 Bg7 8. Qd2
O-O 9. O-O-O d5 10. Qe1 e5 11. Nxc6 bxc6 12. exd5 cxd5 13. Bg5 Qa5 14. Bxf6
Bxf6 15. Nxd5 Bg5+ 16. f4 Qxe1 17. Rxe1 exf4 18. h4 Bb7 19. hxg5 Bxd5 20. Rh4
Rfe8 21. Rxe8+ Rxe8 22. Rxf4 Re5 23. c4 Be6 24. b4 Kf8 25. c5 Bxa2 26. Bc4 Bxc4
27. Rxc4 Ke7 28. c6 Kd8 29. Rf4 a5 30. bxa5 Rxa5 31. Rxf7 Rxg5 32. Rxh7 Rxg2
33. Kd1 Kc8 34. Rg7 Rg5 35. Ke2 Rc5 36. Rxg6 Kc7 37. Rf6 Rxc6 38. Rxc6+ Kxc6
1/2-1/2

[Event "Championnat de France - Open A"]
[Site "NANCY"]
[Date "2013.08.23"]
[Round "11.6"]
[White "Moucheroud, Jeremy"]
[Black "Meunier, Clement"]
[Result "0-1"]
[WhiteElo "2185"]
[BlackElo "2025"]
[PlyCount "94"]
[EventDate "2013.??.??"]

1. e4 e6 2. d4 d5 3. Nd2 dxe4 4. Nxe4 Bd7 5. Nf3 Bc6 6. Bd3 Nd7 7. O-O Ngf6 8.
Ng3 Be7 9. c4 Bxf3 10. Qxf3 c6 11. Re1 O-O 12. b3 Qa5 13. Rd1 Kh8 14. Bc2 Rfd8
15. a3 e5 16. Bb2 exd4 17. Bxd4 Qc7 18. Nf5 Bf8 19. Qh3 Re8 20. Bb2 Re6 21.
Nxg7 Bxg7 22. Rxd7 Rae8 23. Kf1 Qa5 24. b4 Qh5 25. Qxh5 Nxh5 26. Bxg7+ Kxg7 27.
Rd2 Nf6 28. f3 Re3 29. Bd3 a5 30. Kf2 h6 31. Rad1 R3e5 32. Re2 Rxe2+ 33. Bxe2
axb4 34. axb4 Ra8 35. Rd2 Ra4 36. Rb2 Nd7 37. Ke3 Ra3+ 38. Kd2 Kf6 39. g3 Ke5
40. Bd1 Kd4 41. c5 Ne5 42. Rb3 Nc4+ 43. Ke2 Ra2+ 44. Ke1 Nd2 45. h4 Nxb3 46.
Bxb3 Rb2 47. Bxf7 Ke3 0-1